| 000 | 00518nam a2200181Ia 4500 | ||
|---|---|---|---|
| 999 |
_c11014 _d11014 |
||
| 003 | OSt | ||
| 005 | 20191212155746.0 | ||
| 008 | 190216s9999||||xx |||||||||||||| ||und|| | ||
| 020 | _a9780195685718 | ||
| 040 | _coclc | ||
| 082 |
_a338.5 _bMAS/M |
||
| 100 |
_aMas-Colell, Andreu _9464 |
||
| 245 | 0 |
_aMicroeconomic Theory / _cAndreu Mas-Colell |
|
| 260 |
_bOxford University Press, _aNew Delhi: _c2006. |
||
| 300 | _a981p | ||
| 650 | _aEconomics | ||
| 942 |
_cBK _2ddc _h338.5 _iMAS/M _k338.5 _mMAS/M |
||